000 01709cam a22004454i 4500
003 PE-LiUPU
005 20250731173149.0
008 150623s r 000 0 d
020 _a1929902158
035 _a(Sirsi) i9781929902156
040 _aPE-LiUPU
_bspa
_cPE-LiUPU
_erda
049 _aPRUA
082 0 4 _a253.515
_bC83
_221
100 1 _aCox, Richard H.,
_eautor.
245 1 4 _aThe sacrament of psychology :
_bpsychology and religion in the postmodern american church /
_cRichard H. Cox.
264 1 _aSpringfield, MO :
_bInSync Press,
_c2002.
300 _a319 páginas ;
_c23 centímetros
336 _atext
_2rdacontent
337 _aunmediated
_2rdamedia
338 _avolume
_2rdacarrier
505 0 _aThe church has gone out of the religion business. Why america's churches are failing. Created in a New image. Here and now-there and then. The new snake and the new garden. The "being real " neurosis. Waht we really want and need. There are answers and it can be fixed.
526 _aSEG42
526 _aSEG41
526 _aSEG40
526 _aSEG39
526 _aP94
526 _aP87
526 _aP86
526 _aP85
526 _aP77
526 _aP76
526 _aP35
650 0 4 _aPsicología religiosa.
942 _2ddc
_cBOOK
949 _a253.515 C83
_wDEWEY
_c1
_i53410
_lCCODEBUL1
_mBUL
_p20.00
_r0
_sY
_tBOOK
_u2015-6-24
_xTEOLOGIA
_PP35
_0COMPRA
_o.STAFF. Colección General
994 _aC0
_bPEPRU
596 _a1
999 _a253.515 C83
_wDEWEY
_c35381
_i53410
_d35381
_f2021-11-10
_g5
_lCCODEBUL1
_mBUL
_p20.00
_q1
_r0
_sY
_tBOOK
_u2015-6-24
_xTEOLOGIA
_PP35
_0COMPRA
_o.STAFF. Colección General
980 _81
_gALBERTO SANCHEZ Responsable de Automatización